<?xml version="1.0" encoding="UTF-8"?>
<collection xmlns="http://www.loc.gov/MARC21/slim">
 <record>
  <leader>06855nam a2200433 a 4500</leader>
  <controlfield tag="001">kal3377</controlfield>
  <controlfield tag="003">Gr-AtHEAL</controlfield>
  <controlfield tag="005">20160425081230.0</controlfield>
  <controlfield tag="006">m        d        </controlfield>
  <controlfield tag="008">160413s2015    gr      s           gre|c</controlfield>
  <datafield tag="020" ind1=" " ind2=" ">
   <subfield code="a">9789606032448</subfield>
  </datafield>
  <datafield tag="040" ind1=" " ind2=" ">
   <subfield code="a">GR-AtHEAL</subfield>
   <subfield code="b">gre</subfield>
   <subfield code="c">GR-AtHEAL</subfield>
  </datafield>
  <datafield tag="082" ind1="0" ind2="4">
   <subfield code="a">618.97</subfield>
   <subfield code="2">23</subfield>
  </datafield>
  <datafield tag="100" ind1="1" ind2=" ">
   <subfield code="a">Αναστασιάδου, Βασιλική.</subfield>
   <subfield code="8">903</subfield>
  </datafield>
  <datafield tag="245" ind1="1" ind2="0">
   <subfield code="a">Διαχείριση σύνθετων καταστάσεων στο πλαίσιο της γηριατρικής οδοντιατρικής</subfield>
   <subfield code="h">[Ηλεκτρονικός πόρος] </subfield>
   <subfield code="b">Ολοκληρωμένη οδοντιατρική περίθαλψη στον ηλικιωμένο ασθενή</subfield>
   <subfield code="c">Αναστασιάδου, Βασιλική ; κ.α. ; Κριτικός αναγνώστης,Κωτσιομύτη, Ελένη ; Τεχνική επιμέλεια,Παλιόκας, Ιωάννης ; Τεχνική επιμέλεια,Μαζίνης, Εμμανουήλ ; Γλωσσική επιμέλεια,Μπίσμπα, Άννα.</subfield>
  </datafield>
  <datafield tag="260" ind1=" " ind2=" ">
   <subfield code="a">Αθήνα :</subfield>
   <subfield code="b">Σύνδεσμος Ελληνικών Ακαδημαϊκών Βιβλιοθηκών,</subfield>
   <subfield code="c">c2015.</subfield>
  </datafield>
  <datafield tag="490" ind1=" " ind2=" ">
   <subfield code="a">Ακαδημαϊκά Ηλεκτρονικά Συγγράμματα και Βοηθήματα Κάλλιπος</subfield>
   <subfield code="8">40</subfield>
  </datafield>
  <datafield tag="520" ind1=" " ind2=" ">
   <subfield code="a">Αναλύεται η επιστημονικά τεκμηριωμένη ολοκληρωμένη/συνολική οδοντιατρική φροντίδα στον ηλικιωμένο ασθενή. Αποτελεί συμβολή διαφορετικών αντικειμένων της επιστήμης με στόχο τη διατήρηση των δοντιών/μαλακών ιστών, την υγεία του στόματος και τη γενική υγεία. Η φιλοσοφία, σύμφωνα με τις αρχές της γηριατρικής, είναι ο προσδιορισμός προτεραιοτήτων κατά τη διάγνωση/πρόγνωση/αποκατάσταση και διατήρηση του θεραπευτικού αποτελέσματος. Η λήψη αποφάσεων και η προετοιμασία σχεδίων θεραπείας αποβλέπουν στην ενίσχυση της λειτουργίας/άνεσης/αισθητικής, σύμφωνα με τις συστάσεις του Π.Ο.Υ. Το βιβλίο αποτελείται από 21 κεφάλαια. Κατ’ αρχήν αναφέρονται τα νεώτερα επιδημιολογικά δεδομένα, όσον αφορά στην αύξηση του αριθμού των ηλικιωμένων και των αναγκών για οδοντιατρική φροντίδα. Στη συνέχεια περιγράφεται η φυσιολογία του γηρασμένου στοματογναθικού συστήματος και οι βασικές αρχές διαχείρισης σύνθετων καταστάσεων. Στα πλαίσια της διατήρησης των φυσικών δοντιών παρουσιάζονται οι κλινικές οντότητες/νόσοι του στόματος (τερηδόνα/περιοδοντική νόσος/εμπλοκή πολφού) που συναντώνται στην καθημερινή κλινική πράξη και αναλύονται οι θεραπευτικές επιλογές. Όσον αφορά στη διαχείριση της μερικής νωδότητας, παρουσιάζονται οι σύγχρονες σύνθετες οδοντικές αποκαταστάσεις. Αξιολογούνται η στρατηγική θέση και αριθμός των εναπομεινάντων δοντιών. Αναλύεται η προετοιμασία του στόματος σε σχέση με τις θεραπευτικές επιλογές. Σχετικά με τη διαχείριση της ολικής νωδότητας και την αποκατάσταση με ολικές οδοντοστοιχίες, αναλύονται πρωτόκολλα τροποποίησης της κατασκευής και παρουσιάζονται εναλλακτικές τεχνικές αντιμετώπισης. Περιγράφονται οι επιλογές, όσον αφορά στις επιεμφυτευματικές αποκαταστάσεις, ανάλογα με την εκτίμηση παραγόντων κινδύνου/ συστηματικής υγείας. Γίνεται ιδιαίτερη αναφορά στους χρόνια πάσχοντες, τους ασθενείς με νόσο του Parkinson και νόσο Alzheimers’ εξαιτίας των ιδιαιτεροτήτων και των επιπλοκών. Τέλος περιγράφονται τα προληπτικά μέτρα και η φροντίδα συντήρησης μετά τη θεραπεία.</subfield>
  </datafield>
  <datafield tag="650" ind1=" " ind2="0">
   <subfield code="a">Geriatric dentistry</subfield>
   <subfield code="x">Methods</subfield>
   <subfield code="8">2360</subfield>
  </datafield>
  <datafield tag="650" ind1=" " ind2="0">
   <subfield code="a">Older people</subfield>
   <subfield code="x">Dental care</subfield>
   <subfield code="8">2361</subfield>
  </datafield>
  <datafield tag="653" ind1=" " ind2=" ">
   <subfield code="a">Σύνθετες προσθετικές αποκαταστάσεις ηλικιωμένων</subfield>
  </datafield>
  <datafield tag="653" ind1=" " ind2=" ">
   <subfield code="a">Πρωτόκολλο διαχείρισης ηλικιωμένων</subfield>
  </datafield>
  <datafield tag="653" ind1=" " ind2=" ">
   <subfield code="a">Γήρανση στοματογναθικού συστήματος</subfield>
  </datafield>
  <datafield tag="653" ind1=" " ind2=" ">
   <subfield code="a">Επιστήμες υγείας</subfield>
   <subfield code="a">Οδοντιατρική</subfield>
   <subfield code="a">Οδοντιατρικές ειδικότητες</subfield>
   <subfield code="a">Προσθετική δοντιών</subfield>
  </datafield>
  <datafield tag="653" ind1=" " ind2=" ">
   <subfield code="a">Επιστήμες υγείας</subfield>
   <subfield code="a">Οδοντιατρική</subfield>
   <subfield code="a">Οδοντιατρική αναισθησία</subfield>
  </datafield>
  <datafield tag="653" ind1=" " ind2=" ">
   <subfield code="a">Επιστήμες υγείας</subfield>
   <subfield code="a">Οδοντιατρική</subfield>
   <subfield code="a">Οδοντιατρική συγκόλληση</subfield>
  </datafield>
  <datafield tag="653" ind1=" " ind2=" ">
   <subfield code="a">Επιστήμες υγείας</subfield>
   <subfield code="a">Οδοντιατρική</subfield>
  </datafield>
  <datafield tag="653" ind1=" " ind2=" ">
   <subfield code="a">Επιστήμες υγείας</subfield>
   <subfield code="a">Οδοντιατρική</subfield>
   <subfield code="a">Γηριατρική οδοντιατρική</subfield>
  </datafield>
  <datafield tag="700" ind1="1" ind2=" ">
   <subfield code="a">Τορτοπίδης, Δημήτριος</subfield>
   <subfield code="e">Συγγραφέας</subfield>
   <subfield code="8">904</subfield>
  </datafield>
  <datafield tag="700" ind1="1" ind2=" ">
   <subfield code="a">Τοπίτσογλου, Βασιλική</subfield>
   <subfield code="e">Συγγραφέας</subfield>
   <subfield code="8">905</subfield>
  </datafield>
  <datafield tag="700" ind1="1" ind2=" ">
   <subfield code="a">Σακελλάρη, Δήμητρα</subfield>
   <subfield code="e">Συγγραφέας</subfield>
   <subfield code="8">906</subfield>
  </datafield>
  <datafield tag="700" ind1="1" ind2=" ">
   <subfield code="a">Παντελίδου-Παπαδοπούλου, Ουρανία</subfield>
   <subfield code="e">Συγγραφέας</subfield>
   <subfield code="8">907</subfield>
  </datafield>
  <datafield tag="700" ind1="1" ind2=" ">
   <subfield code="a">Νάκα, Όλγα</subfield>
   <subfield code="e">Συγγραφέας</subfield>
   <subfield code="8">908</subfield>
  </datafield>
  <datafield tag="700" ind1="1" ind2=" ">
   <subfield code="a">Κωτσιομύτη, Ελένη</subfield>
   <subfield code="e">Κριτικός αναγνώστης</subfield>
   <subfield code="8">909</subfield>
  </datafield>
  <datafield tag="856" ind1="4" ind2="0">
   <subfield code="u">http://hdl.handle.net/11419/3377</subfield>
   <subfield code="z">Πλήρες Κείμενο - Full text</subfield>
  </datafield>
  <datafield tag="907" ind1=" " ind2=" ">
   <subfield code="a">.b25680468</subfield>
   <subfield code="b">12-06-18</subfield>
   <subfield code="c">29-07-16</subfield>
  </datafield>
  <datafield tag="949" ind1=" " ind2=" ">
   <subfield code="0">0</subfield>
   <subfield code="1">0</subfield>
   <subfield code="2">ddc</subfield>
   <subfield code="4">0</subfield>
   <subfield code="6">618_970000000000000_ΑΝΑ</subfield>
   <subfield code="7">0</subfield>
   <subfield code="8">KALL</subfield>
   <subfield code="8">805</subfield>
   <subfield code="d">2016-04-13</subfield>
   <subfield code="r">2016-04-13</subfield>
   <subfield code="w">2016-04-13</subfield>
   <subfield code="z">618.97 ΑΝΑ</subfield>
   <subfield code="o">SEAB KALLIPOS</subfield>
  </datafield>
  <datafield tag="998" ind1=" " ind2=" ">
   <subfield code="a">80</subfield>
   <subfield code="a">01</subfield>
   <subfield code="a">02</subfield>
   <subfield code="a">03</subfield>
   <subfield code="a">04</subfield>
   <subfield code="a">05</subfield>
   <subfield code="a">06</subfield>
   <subfield code="a">07</subfield>
   <subfield code="a">08</subfield>
   <subfield code="a">09</subfield>
   <subfield code="a">10</subfield>
   <subfield code="a">11</subfield>
   <subfield code="a">12</subfield>
   <subfield code="a">13</subfield>
   <subfield code="a">14</subfield>
   <subfield code="a">15</subfield>
   <subfield code="a">16</subfield>
   <subfield code="a">17</subfield>
   <subfield code="a">18</subfield>
   <subfield code="a">19</subfield>
   <subfield code="a">20</subfield>
   <subfield code="a">21</subfield>
   <subfield code="a">22</subfield>
   <subfield code="a">23</subfield>
   <subfield code="a">24</subfield>
   <subfield code="a">25</subfield>
   <subfield code="a">26</subfield>
   <subfield code="b">16-05-17</subfield>
   <subfield code="c">m</subfield>
   <subfield code="d">z  </subfield>
   <subfield code="e">-</subfield>
   <subfield code="f">gre</subfield>
   <subfield code="g">gr </subfield>
   <subfield code="h">0</subfield>
  </datafield>
  <datafield tag="942" ind1=" " ind2=" ">
   <subfield code="2">ddc</subfield>
   <subfield code="c">KALLIPOS</subfield>
  </datafield>
 </record>
</collection>
